Solid Geometry (Record no. 9738)

MARC details
000 -LEADER
fixed length control field 00230nam a2200109 4500
082 ## - DEWEY DECIMAL CLASSIFICATION NUMBER
Classification number ILM
100 ## - MAIN ENTRY--AUTHOR NAME
Personal name Ilmi Kitab Khana
245 ## - TITLE STATEMENT
Title Solid Geometry
260 ## - PUBLICATION, DISTRIBUTION, ETC. (IMPRINT)
Place of publication Lahore:
Name of publisher Ilmi Kitab Khana,
Year of publication 1966.
300 ## - PHYSICAL DESCRIPTION
Number of Pages 384p. ;
942 ## - ADDED ENTRY ELEMENTS (KOHA)
Koha item type Books
Holdings
Withdrawn status Lost status Home library Current library Date acquired Cost, normal purchase price Full call number Accession Number Koha item type
    Central Library, QUEST, Nawabshah Central Library, QUEST, Nawabshah 10/09/2014 4.50 ILM 17336 Books